000 00502nam a2200169 a 4500
005 20210219152009.0
008 991125s1963 mx 000 0 spa u
035 _aUPN01000045128
049 _aF
050 4 _aML1
_bT4.6
100 1 _aTercero Farías, Juan Diego,
_d1896-
245 1 0 _aPláticas sobre música /
_cpor Juan D. Tercero.
260 _aMéxico :
_bSeminario de Cultura Mexicana,
_c1963.
300 _a21 p.
650 4 _aMUSICA -
_vDISCURSOS, ENSAYOS, CONFERENCIAS, ETC.
905 _aLibro
999 _c45128
_d45128